[Event "O2C Doeberl Cup Premier 2013"]
[Site "Canberra AUS"]
[Date "2013.03.30"]
[Round "5.6"]
[White "Smirnov,Ant"]
[Black "Johansen,D"]
[Result "1/2-1/2"]
[WhiteElo "2194"]
[BlackElo "2430"]

1.e4 c5 2.Nf3 Nc6 3.d4 cxd4 4.Nxd4 e6 5.Nb5 d6 6.c4 Nf6 7.N1c3 a6 8.Na3 Be7
9.Be3 O-O 10.Be2 b6 11.O-O Bb7 12.f3 Ne5 13.Qd2 Qc7 14.Rac1 Rac8 15.Rfd1 Ned7
16.Bf1 Qb8 17.Qf2 Bd8 18.Kh1 Kh8 19.b4 Bc7 20.Qg1 Rg8 21.Na4 Bc6 22.b5 axb5
23.cxb5 Ba8 24.Nc4 d5 25.Ncxb6 Nxb6 26.Nxb6 Bxb6 27.Bxb6 dxe4 28.fxe4 Bxe4  1/2-1/2

[Event "e2e4 Dublin Masters"]
[Site "Dublin IRL"]
[Date "2013.04.01"]
[Round "8"]
[White "McPhillips,Joseph"]
[Black "Mishkovski,L"]
[Result "0-1"]
[WhiteElo "2161"]
[BlackElo "2040"]

1.e4 c5 2.Nf3 e6 3.d4 cxd4 4.Nxd4 Nc6 5.Nb5 d6 6.c4 a6 7.N5c3 Nf6 8.Be2 Be7
9.O-O O-O 10.Be3 b6 11.Na3 Bb7 12.f3 Nd7 13.Qd2 Rc8 14.Rfd1 Qc7 15.Rac1 Qb8
16.Na4 Ba8 17.Qe1 Nc5 18.Nxc5 bxc5 19.b3 Qb4 20.Nc2 Qxe1+ 21.Rxe1 e5 22.Bd2 h6
23.Rcd1 Nd4 24.Nxd4 exd4 25.Bd3 Bf6 26.Kf2 Rfe8 27.g3 Re7 28.h4 Rce8 29.Rh1 Ra7
30.g4 Bd8 31.h5 f6 32.Rhe1 a5 33.Re2 Bc6 34.Rb1 Rb7 35.Be1 Bc7 36.Reb2 Reb8
37.a3 Kf8 38.Ke2 Ke7 39.b4 axb4 40.axb4 Ba5 41.b5 Bxe1 42.Kxe1 Bd7 43.Ra2 Kd8
44.Rba1 Kc7 45.Kf2 Kd8 46.Kg3 Bc8 47.Ra7 Rxa7 48.Rxa7 Bb7 49.Ra1 Kc7 50.Kf2 Kb6
51.Ke2 Ra8 52.Rxa8 Bxa8 53.Kd2 Ka5 54.Be2 Bb7 55.Kd3 Bc8 56.f4 Bb7 57.Bf3 Kb6
58.Bg2 Kc7 59.Ke2 Bc8 60.Kf3 Be6 61.Bf1 Kb6 62.Be2 Ka5 63.e5 fxe5 64.fxe5 d5
65.cxd5 Bxd5+ 66.Kf4 c4 67.Kf5 d3 68.Bf1 Bf3 69.e6 d2 70.e7 d1=Q 71.e8=Q Qxf1
72.Kg6 Qd3+ 73.Kxg7 c3 74.Qe1 Kxb5 75.g5 hxg5 76.h6 Be4 77.h7 Bxh7 78.Qe5+ Kb4
79.Kh8 c2 80.Qb2+ Kc5 81.Qe5+ Kb4 82.Qb2+ Kc4 83.Qa2+ Kd4 84.Qa7+ Ke4 85.Qxh7+ Ke3
86.Qe7+ Kf2 87.Qxg5 Qc3+ 88.Kh7 c1=Q 89.Qh4+ Ke2 90.Qg4+ Kd2 91.Qg2+ Kd1
92.Qg5 Qh3+  0-1

[Event "TCh-AUT 2 East 2012-13"]
[Site "Austria AUT"]
[Date "2013.04.07"]
[Round "11.4"]
[White "Brod,M"]
[Black "Molnar,At"]
[Result "1-0"]
[WhiteElo "2234"]
[BlackElo "2087"]

1.e4 c5 2.Nf3 e6 3.d4 cxd4 4.Nxd4 Nc6 5.Nb5 d6 6.c4 a6 7.N5c3 Nf6 8.Be2 Be7
9.Be3 O-O 10.O-O Ne5 11.Na3 b6 12.f3 Qc7 13.Rc1 Rd8 14.Qe1 Rb8 15.Qf2 Bd7
16.Rfd1 Qb7 17.Kh1 Bc6 18.Bd4 Ng6 19.Nc2 d5 20.cxd5 exd5 21.e5 Nd7 22.f4 Bc5
23.Qg3 f5 24.Bd3 Rf8 25.h4 Ne7 26.b4 Bxd4 27.Nxd4 b5 28.Nce2 Kh8 29.Ne6 Rg8
30.N2d4 h6 31.Nxf5 Nxf5 32.Bxf5 g5 33.hxg5 d4 34.Qh4 Bxg2+ 35.Kh2 Nf8 36.Qxh6+ Nh7
37.Rc7  1-0

[Event "e2e4 Gatwick Open 2013"]
[Site "Crawley ENG"]
[Date "2013.04.07"]
[Round "4"]
[White "Hill,Alistair"]
[Black "Galliano,A"]
[Result "0-1"]
[WhiteElo "2132"]
[BlackElo "2101"]

1.e4 c5 2.Nf3 e6 3.d4 cxd4 4.Nxd4 Nc6 5.Nb5 d6 6.Bf4 e5 7.Be3 Nf6 8.Bg5 Be7
9.Bxf6 gxf6 10.Bd3 Rg8 11.Qf3 a6 12.N5c3 Nd4 13.Qh5 Rxg2 14.Nd5 Be6 15.Nbc3 Kd7
16.O-O-O Rb8 17.f4 Qg8 18.Nb6+ Kc6 19.f5 Kxb6 20.fxe6 fxe6 21.Kb1 Ka7 22.Bf1 Rg5
23.Qh3 Rc8 24.Qe3 Kb8 25.Bh3 f5 26.exf5 exf5 27.Rxd4 exd4 28.Qxd4 Qc4 29.Qd2 Rcg8
30.b3 Rg1+ 31.Rxg1 Rxg1+ 32.Kb2 Qe6 33.Nd5 Bg5 34.Qd4 Bc1+ 35.Kc3 Qe1+ 36.Kc4 b5+  0-1

[Event "ch-ISR 2013"]
[Site "Acre ISR"]
[Date "2013.04.13"]
[Round "8.16"]
[White "Katzir,M"]
[Black "Arlinsky,U"]
[Result "0-1"]
[WhiteElo "2201"]
[BlackElo "2318"]

1.e4 c5 2.Nf3 e6 3.d4 cxd4 4.Nxd4 Nc6 5.Nb5 d6 6.c4 Nf6 7.N1c3 a6 8.Na3 b6
9.Be2 Bb7 10.O-O Nb8 11.f3 Nbd7 12.Be3 Be7 13.Re1 O-O 14.Qd3 Rb8 15.Red1 Qc7
16.Kh1 Bc6 17.Qc2 Ba8 18.Qa4 Nc5 19.Qc2 Rbd8 20.b4 Ncd7 21.Qb3 Rfe8 22.Na4 Bf8
23.Nc2 Qb8 24.Nc3 Bb7 25.a3 Kh8 26.Na4 d5 27.Nc3 Bd6 28.Bg1 Bf4 29.Rab1 dxe4
30.Qa2 Qc7 31.a4 Ne5 32.Nd4  0-1

[Event "4th LUCOPEN 2013"]
[Site "Lille FRA"]
[Date "2013.04.15"]
[Round "4.9"]
[White "Castellanos Rodriguez,R"]
[Black "Kambrath,Y"]
[Result "1-0"]
[WhiteElo "2505"]
[BlackElo "2292"]

1.e4 c5 2.Nf3 e6 3.d4 cxd4 4.Nxd4 Nc6 5.Nb5 d6 6.c4 Nf6 7.N5c3 Be7 8.Be2 O-O
9.O-O a6 10.Bf4 Qc7 11.Nd2 Nd7 12.Re1 Re8 13.Rc1 Nce5 14.a3 b6 15.b4 Bb7
16.Bf1 Rac8 17.Qe2 Qb8 18.Bg3 Bf8 19.Red1 Qa8 20.f4 Ng6 21.Kh1 Ne7 22.Nf3 Nf6
23.Nd2 Nd7 24.Qe3 Rcd8 25.Na4 d5 26.cxd5 exd5 27.e5 b5 28.Nb2 Nf5 29.Qf2 Nxg3+
30.Qxg3 Nb6 31.Nb3 Nc4 32.Nd3 d4 33.Ndc5 Bxc5 34.Nxc5 Bd5 35.Rxd4 Qc8 36.Rcd1 Bc6
37.Kg1 Rxd4 38.Rxd4 Rd8 39.Rxd8+ Qxd8 40.Qd3 Qb6 41.h3 h6 42.Kh2 a5 43.Qf5 Qc7
44.Bd3 g6 45.Qf6 Be8 46.Be4 Nxa3 47.Bd5 Kh7 48.Ne4 Nc4 49.Nd6 Nxd6 50.exd6 Qa7
51.bxa5 b4 52.a6 h5 53.Bc4 Qd7 54.Qd4 Kg8 55.a7 Qa4 56.Bd5 Bc6 57.Bxc6 Qxc6
58.d7  1-0

[Event "Zonal 2.5 2013"]
[Site "Montevideo URU"]
[Date "2013.04.22"]
[Round "5.5"]
[White "Salinas Herrera,P"]
[Black "Carbone,D"]
[Result "1-0"]
[WhiteElo "2401"]
[BlackElo "2074"]

1.e4 c5 2.Nf3 e6 3.d4 cxd4 4.Nxd4 Nc6 5.Nb5 d6 6.c4 Nf6 7.N1c3 a6 8.Na3 Be7
9.Be2 O-O 10.O-O b6 11.Be3 Bb7 12.Qb3 Nd7 13.Rfd1 Qc7 14.Rd2 Nc5 15.Qd1 Nb4
16.f3 Rfe8 17.Bf4 Rad8 18.Rc1 Qb8 19.Nab1 Nc6 20.a3 Ne5 21.Be3 Rc8 22.Kh1 Ncd7
23.b3 Bc6 24.Qf1 Bd8 25.Rcd1 Bc7 26.Na2 Kh8 27.Nb4 Bb7 28.Bf2 Nc5 29.Rb2 Rg8
30.Nc3 g5 31.Bd4 Nd7 32.Nd3 Rg6 33.Nxe5 dxe5 34.Bg1 Nf6 35.c5 b5 36.b4 Nh5
37.Qe1 Bc6 38.a4 Nf4 39.axb5 axb5 40.Bf1 Rgg8 41.Ra2 Rcd8 42.Rxd8 Rxd8 43.Rd2 Rg8
44.g3 Ng6 45.Qe2 g4 46.fxg4 Qb7 47.Bg2 Ra8 48.Qf3 Kg8 49.h4 Bd8 50.Be3 Be7
51.g5 Ra3 52.Nd1 Rb3 53.Rb2 Rd3 54.Nf2 Rd7 55.Ng4 Bd8 56.h5 Qa7 57.Nh6+ Kf8
58.Rf2 Nh8 59.Ng4 Qa3 60.g6 Qxb4 61.Bh6+ Kg8 62.Nf6+ Bxf6 63.Qxf6  1-0

[Event "III Miedzyzdroje Open 2013"]
[Site "Miedzyzdroje POL"]
[Date "2013.04.29"]
[Round "3.4"]
[White "Galazewski,T"]
[Black "Jacek,K"]
[Result "0-1"]
[WhiteElo "2250"]
[BlackElo "2098"]

1.e4 c5 2.Nf3 e6 3.d4 cxd4 4.Nxd4 Nc6 5.Nb5 d6 6.c4 a6 7.N5c3 Nf6 8.Be2 Be7
9.O-O O-O 10.Be3 b6 11.f4 Bb7 12.Bf3 Nd7 13.Nd2 Rc8 14.Rc1 Bf6 15.Nb3 Nc5
16.Nd4 Nxd4 17.Bxd4 e5 18.Be3 exf4 19.Bxf4 Ne6 20.Bg3 Bd4+ 21.Kh1 Rxc4 22.Qd3 b5
23.Rcd1 Nc5 24.Qxd4 Rxd4 25.Rxd4 Ne6 26.Rxd6 Qa5 27.Bg4 Ng5 28.Rd7 Bc8 29.Rd5 Nxe4
30.Nxe4 Bxg4 31.Bd6 Re8 32.Rd4 Bh5 33.a3 Qb6 34.Bc5 Qc6 35.Re1 f5 36.Rd6 Qxc5  0-1

[Event "FSIMB May 2013"]
[Site "Budapest HUN"]
[Date "2013.05.08"]
[Round "5.3"]
[White "Szalanczy,E"]
[Black "Zaibi,A"]
[Result "1/2-1/2"]
[WhiteElo "2262"]
[BlackElo "2285"]

1.e4 c5 2.Nf3 e6 3.d4 cxd4 4.Nxd4 Nc6 5.Nb5 d6 6.Bf4 e5 7.Be3 a6 8.N5a3 Nf6
9.Nc3 Be7 10.Nc4 Be6 11.Nb6 Rb8 12.Nbd5 O-O 13.Bb6 Qd7 14.Be2 Bd8 15.Nxf6+ Bxf6
16.Nd5 Bxd5 17.Qxd5 Ne7 18.Qb3 d5 19.exd5 Qxd5 20.O-O Qxb3 21.axb3 Nd5 22.Ba7 Ra8
23.Bf3 Rxa7 24.Bxd5 b6 25.c4 Be7 26.Rfe1 Bd6 27.b4 Bxb4 28.Rxe5 a5 29.g4 g6
30.Kg2 Kg7 31.h4 h6 32.h5 Kf6 33.f4 Bd6 34.Re4 gxh5 35.Rh1 Re7 36.Rxh5 Rxe4
37.Bxe4 Rg8 38.Kf3 Kg7  1/2-1/2

[Event "Hungarian National Open 2013"]
[Site "Zalakaros HUN"]
[Date "2013.05.30"]
[Round "9"]
[White "Bokros,A"]
[Black "Horvath,Ad1"]
[Result "0-1"]
[WhiteElo "2459"]
[BlackElo "2528"]

1.e4 c5 2.Nf3 Nc6 3.d4 cxd4 4.Nxd4 e6 5.Nb5 d6 6.c4 a6 7.N5c3 Nf6 8.g3 Rb8
9.Na3 Be7 10.Bg2 O-O 11.O-O b6 12.h3 Bb7 13.Be3 Re8 14.Qe2 Rc8 15.Rac1 Nd7
16.f4 Nc5 17.Rfd1 Qc7 18.Nc2 Bf6 19.Nd4 Nxd4 20.Bxd4 Bxd4+ 21.Rxd4 e5 22.Rdd1 exf4
23.gxf4 f5 24.Qd2 fxe4 25.Qxd6 Nd3 26.Qxc7 Rxc7 27.Rc2 Nxf4 28.Bf1 e3 29.Rd6 Bf3
30.Ne2 Bxe2 31.Bxe2 Rc5 32.h4 Nxe2+ 33.Rxe2 Rxc4 34.Rxb6 a5 35.Rb3 Rg4+ 36.Kh2 Rxh4+
37.Kg2 Rb4 38.Rxb4 axb4 39.Kf3 g5  0-1

[Event "Icelandic Open Championship 2013"]
[Site "Reykjavik ISL"]
[Date "2013.06.08"]
[Round "10.12"]
[White "Hardarson,Jon Trausti"]
[Black "Olander,A"]
[Result "0-1"]
[WhiteElo "1907"]
[BlackElo "2093"]

1.e4 c5 2.Nf3 e6 3.d4 cxd4 4.Nxd4 Nc6 5.Nb5 d6 6.Bf4 e5 7.Be3 Be7 8.Nd2 a6
9.Nc3 Nf6 10.Nc4 b5 11.Nb6 Rb8 12.Nxc8 Qxc8 13.a4 bxa4 14.Rxa4 Rxb2 15.Bxa6 Qb8
16.Rc4 Nd8 17.Rc8 Qb4 18.Bb5+ Kf8 19.Bb6 g6 20.Bxd8 Bxd8 21.Rc4 Qa3 22.O-O Nh5
23.Qc1 Nf4 24.g3 Ne6 25.Nb1 Qa1 26.Ra4 Ra2 27.Qh6+ Kg8 28.Na3 Qc3 29.Nb1 Qxc2
30.Rc4 Qb3 31.Nc3 Rc2 32.Rb1 Qa3 33.Rc8 Rxc3  0-1

[Event "2nd Grand Europe Open 2013"]
[Site "Golden Sands BUL"]
[Date "2013.06.15"]
[Round "6.48"]
[White "Kiran,M"]
[Black "Sagar,S"]
[Result "0-1"]
[WhiteElo "2195"]
[BlackElo "2359"]

1.e4 c5 2.Nf3 e6 3.d4 cxd4 4.Nxd4 Nc6 5.Nb5 d6 6.c4 Nf6 7.N1c3 a6 8.Na3 b6
9.Be2 Bb7 10.O-O Be7 11.Be3 Ne5 12.f3 O-O 13.Rc1 Ned7 14.Qd4 Qc7 15.Rfd1 Rfe8
16.b4 Rab8 17.Bf2 Red8 18.Nc2 Ba8 19.Ne3 Ne5 20.a3 Nh5 21.g3 Nf6 22.Qd2 h5
23.Qa2 Qb7 24.h4 g6 25.Rc2 Rbc8 26.Qb2 Bf8 27.Rcd2 Qc6 28.b5 axb5 29.Nxb5 Rd7
30.Nd4 Qb7 31.Nb5 Ne8 32.Qb3 Rcd8 33.Nc3 Rc7 34.Ng2 Nd7 35.Nb5 Rcc8 36.Be3 Nc5
37.Qb1 Qb8 38.Bf4 Bc6 39.Kf2 Qb7 40.Ne3 Bxe4 41.fxe4 Nxe4+ 42.Kg1 Nxd2 43.Rxd2 e5
44.Bg5 f6 45.Qxg6+ Qg7 46.Qxh5 fxg5 47.Bg4 Qh6 48.Qxh6 Bxh6 49.Bxc8 Rxc8
50.Nf5 Bf8 51.Nbxd6 Nxd6 52.Nxd6 Rc6 53.c5 gxh4 54.gxh4 Rxc5 55.Rg2+ Kh7
56.Ne4 Rc1+ 57.Kh2 Be7 58.Ng5+ Kg6 59.Rb2 Rc6 60.Nf3 Kf6 61.Kg2 Bxa3 62.Rb5 Bc5
63.Ng5 Kf5 64.Kf3 Rd6 65.Rb3 Rd5 66.Kg3 e4 67.Rc3 Rd2 68.Nh3 Bd6+  0-1

[Event "DYTM Raja Nazrin Shah Masters"]
[Site "Kuala Lumpur MAS"]
[Date "2013.06.20"]
[Round "9.1"]
[White "Mas,H"]
[Black "Murshed,N"]
[Result "0-1"]
[WhiteElo "2347"]
[BlackElo "2479"]

1.e4 c5 2.Nf3 e6 3.d4 cxd4 4.Nxd4 Nc6 5.Nb5 d6 6.c4 a6 7.N5c3 Nf6 8.Be2 Be7
9.Be3 O-O 10.O-O b6 11.Qd2 Bb7 12.Rd1 Ne5 13.f3 Qc7 14.Na3 Rac8 15.Rac1 Rfe8
16.Kh1 h6 17.Qe1 Ng6 18.Qf2 Nd7 19.Nab1 Bh4 20.Qg1 Bf6 21.b4 Red8 22.Na4 Bg5
23.Rc3 Rb8 24.a3 Ba8 25.Nb2 Nde5 26.Bf2 h5 27.Na4 Nd7 28.Qe1 h4 29.Bf1 Bf6
30.Bd4 Bxd4 31.Rxd4 Nde5 32.Qe3 Qd7 33.Nb2 Qe7 34.Rc1 h3 35.g3 Qf6 36.Be2 Nc6
37.Rd2 d5 38.cxd5 exd5 39.exd5 Nce7 40.d6 Nf5 41.Qc3 Qg5 42.d7 Nf4 43.Bxa6 Nxg3+
44.hxg3 Qxg3 45.Rf1 Rxd7 46.Rc2 Re8 47.Rh2 Rd3 48.Nxd3 Bxf3+ 49.Rxf3 Qxf3+
50.Kg1 Ne2+  0-1

[Event "16th Heraklion Open A 2013"]
[Site "Athens GRE"]
[Date "2013.06.22"]
[Round "7.2"]
[White "Gazis,Ef"]
[Black "Nikolaou,G"]
[Result "0-1"]
[WhiteElo "2262"]
[BlackElo "2268"]

1.e4 c5 2.Nf3 Nc6 3.d4 cxd4 4.Nxd4 e6 5.Nb5 d6 6.c4 Nf6 7.N1c3 a6 8.Na3 b6
9.Be2 Bb7 10.O-O Be7 11.Nc2 O-O 12.Ne3 Nd7 13.b3 Nc5 14.Bb2 Bf6 15.Qd2 a5
16.Rab1 a4 17.bxa4 Bxc3 18.Qxc3 e5 19.Nf5 Nxe4 20.Qe3 Ne7 21.Nxe7+ Qxe7 22.f4 Nc5
23.Ba1 Rxa4 24.Rxb6 Rxa2 25.Rfb1 Be4 26.Re1 Qa7 27.Rxd6 Rxa1 28.Rxa1 Qxa1+
29.Kf2 Qa5 30.fxe5 Bb7 31.Bf3 Qa2+ 32.Kg3 Qxc4 33.Rd4 Qb5 34.Rg4 Ne6 35.Be2 Qc5
36.Qxc5 Nxc5 37.Rb4 Bc8  0-1

[Event "7th Varna Open 2013"]
[Site "Varna BUL"]
[Date "2013.06.22"]
[Round "4.13"]
[White "Petkov,H"]
[Black "Sagar,S"]
[Result "1/2-1/2"]
[WhiteElo "2054"]
[BlackElo "2359"]

1.e4 c5 2.Nf3 e6 3.d4 cxd4 4.Nxd4 Nc6 5.Nb5 d6 6.c4 Nf6 7.N1c3 a6 8.Na3 b6
9.Be2 Bb7 10.O-O Be7 11.Be3 Ne5 12.f3 O-O 13.Nab1 Rc8 14.Nd2 Re8 15.Re1 Qc7
16.Rc1 Ned7 17.a3 Qb8 18.b4 d5 19.cxd5 exd5 20.Bf2 Bd6 21.g3 dxe4 22.Ncxe4 Rxc1
23.Qxc1 Nxe4 24.Nxe4 Bxe4 25.fxe4 b5 26.Qc6  1/2-1/2

[Event "TCh-MNE Prem 2013"]
[Site "Cetinje MNE"]
[Date "2013.06.27"]
[Round "4.5"]
[White "Rabrenovic,M"]
[Black "Kontic,D"]
[Result "0-1"]
[WhiteElo "2236"]
[BlackElo "2337"]

1.e4 c5 2.Nf3 e6 3.d4 cxd4 4.Nxd4 Nc6 5.Nb5 d6 6.c4 Nf6 7.N1c3 a6 8.Na3 b6
9.Be2 Bb7 10.O-O Nb8 11.f3 Nbd7 12.Be3 Qc7 13.Rc1 Rc8 14.Qd2 Be7 15.Rfd1 O-O
16.Bf1 Qb8 17.Kh1 Bd8 18.Qf2 Bc7 19.Qg1 Kh8 20.Nc2 Rg8 21.Ne1 g5 22.g4 Rg6
23.Bd3 Rcg8 24.Rc2 h5 25.h3 Rh6 26.Kg2 hxg4 27.hxg4 Rg7 28.Kf2 d5 29.cxd5 exd5
30.exd5 Bxd5 31.Ne2 Bh2 32.Qg2 Be5 33.Bxa6 Nc5 34.Bxc5 bxc5 35.Nd3 Rgh7 36.Ke3 Rh2
37.Qf1 Bf4+ 38.Ndxf4 Qe5+ 39.Kd3 gxf4 40.Rcd2 Qe6 41.Bb5 Bxa2 42.Nc1 Bb1+
43.Kc3 Qe3+ 44.Nd3 Nd5+ 45.Kc4 Ba2+  0-1

[Event "III Marcel Duchamp Boca Jun Op"]
[Site "Buenos Aires ARG"]
[Date "2013.06.29"]
[Round "9.9"]
[White "Madina Yadarola,M1"]
[Black "Mussanti,D"]
[Result "1-0"]
[WhiteElo "2256"]
[BlackElo "2310"]

1.e4 c5 2.Nf3 e6 3.d4 cxd4 4.Nxd4 Nc6 5.Nb5 d6 6.Bf4 e5 7.Be3 a6 8.N5c3 Nf6
9.Bg5 Be7 10.Bxf6 Bxf6 11.Nd2 Be6 12.Nc4 O-O 13.Ne3 Bg5 14.Ncd5 Bxe3 15.Nxe3 Qb6
16.Qb1 Ne7 17.Bd3 d5 18.exd5 Nxd5 19.Nxd5 Bxd5 20.O-O f5 21.c4 Be6 22.Qc2 Rad8
23.Rfe1 e4 24.Bf1 Rd4 25.Qc3 Rc8 26.Rad1 Rxd1 27.Rxd1 Qc5 28.a3 b6 29.b4 Qc6
30.Rc1 Rd8 31.Qe3 h6 32.h4 a5 33.c5 bxc5 34.Rxc5 Qa4 35.Re5 Bf7 36.Rxa5 Qd1
37.Rc5 Qa1 38.Qc3 Qa2 39.Rc8 Rxc8 40.Qxc8+ Kh7 41.Qxf5+ Bg6 42.Qa5  1-0

[Event "41st TCh-GRE"]
[Site "Rio (Achaia) GRE"]
[Date "2013.07.03"]
[Round "3.7"]
[White "Bouza,Mirto - Eleni"]
[Black "Koutsoura,Georgia"]
[Result "1/2-1/2"]
[WhiteElo "1326"]
[BlackElo "1445"]

1.e4 c5 2.Nf3 Nc6 3.d4 cxd4 4.Nxd4 e6 5.Nb5 Nf6 6.Bg5 Qa5+ 7.Qd2 Bb4 8.c3 Be7
9.Bxf6 Bxf6 10.Nd6+ Ke7 11.Be2 Qe5 12.Nxc8+ Rhxc8 13.Qd3 Rd8 14.O-O d5 15.exd5 Rxd5
16.Qc4 Rc5 17.Qd3 Rd5 18.Qc2 Rad8 19.g3 h6 20.Bf3 R5d6 21.Na3 Qc5 22.Rfd1 Kf8
23.Qe2 a6 24.Nc2 Qb6 25.Ne3 Ne5 26.Bg2 Qc7 27.Rac1 Nd3 28.Rc2 Ne5 29.Rcd2 Be7
30.Kh1 Nc6 31.Nc4 R6d7 32.a3 b5 33.Ne3 Bg5 34.f4 Be7 35.Nf1 Bc5 36.Qf3 Ne7
37.b4 Bd6 38.Rd3 Nf5 39.Kg1 Qb6+ 40.Kh1 Qc7 41.Ne3  1/2-1/2

[Event "4th Kiryat Ono Open A"]
[Site "Kiryat Ono ISR"]
[Date "2013.07.04"]
[Round "5.7"]
[White "Elchanati,A"]
[Black "Arlinsky,U"]
[Result "0-1"]
[WhiteElo "2149"]
[BlackElo "2321"]

1.e4 c5 2.Nf3 e6 3.d4 cxd4 4.Nxd4 Nc6 5.Nb5 d6 6.c4 Nf6 7.Bd3 Be7 8.O-O O-O
9.Be3 b6 10.N1c3 Bb7 11.Rc1 a6 12.Nd4 Ne5 13.f4 Nxd3 14.Qxd3 Ng4 15.Bd2 Rc8
16.h3 Ne5 17.fxe5 dxe5 18.Qg3 Qxd4+ 19.Be3 Bh4 20.Qf3 Qd8 21.Rcd1 Qe7 22.Bxb6 Rxc4
23.Bd8 Qc5+ 24.Kh2 Bxd8 25.Rd7 Qc8 26.Rxf7 Bf6  0-1

[Event "Avoin SM 2013"]
[Site "Naantali FIN"]
[Date "2013.07.04"]
[Round "6.3"]
[White "Riihimaki,Pekka"]
[Black "Linden,L"]
[Result "1/2-1/2"]
[WhiteElo "1963"]
[BlackElo "1993"]

1.e4 c5 2.Nf3 e6 3.d4 cxd4 4.Nxd4 Nc6 5.Nb5 d6 6.c4 a6 7.N5c3 Nf6 8.Be2 Be7
9.O-O O-O 10.Na3 b6 11.f4 Bb7 12.Bf3 Qc7 13.Be3 Nd7 14.Rc1 Nc5 15.Qd2 Bf6
16.Nab1 Qe7 17.Rfd1 Rfd8 18.Qc2 Kh8 19.Rd2 g5 20.g3 Rd7 21.Rcd1 Rad8 22.a3 a5
23.Nb5 gxf4 24.gxf4 Bg7 25.N1c3 Nb3 26.Rd3 Nc5 27.R3d2 Nb3 28.Rd3  1/2-1/2

[Event "41st TCh-GRE"]
[Site "Rio (Achaia) GRE"]
[Date "2013.07.06"]
[Round "6.2"]
[White "Nemeth,Mi1"]
[Black "Macieja,B"]
[Result "1/2-1/2"]
[WhiteElo "2467"]
[BlackElo "2583"]

1.e4 c5 2.Nf3 Nc6 3.d4 cxd4 4.Nxd4 e6 5.Nb5 d6 6.c4 Nf6 7.N5c3 b6 8.g3 Bb7
9.Bg2 Be7 10.O-O Rc8 11.b3 O-O 12.Bb2 a6 13.Na3 Rc7 14.Nc2 Qa8 15.Qe2 Rfc8
16.Rac1 Na7 17.Nd4 b5 18.cxb5 Nxb5 19.Ncxb5 Rxc1 20.Rxc1 Rxc1+ 21.Bxc1 axb5
22.Nxb5 Bxe4 23.Bxe4 Nxe4 24.a4 d5 25.f3 Nc5 26.Ba3 d4 27.Qc4 Qxf3 28.Bxc5 Qe3+
29.Kg2 Qe4+ 30.Kg1 Qe3+ 31.Kf1 Qf3+ 32.Kg1  1/2-1/2

[Event "7th LCT 2013"]
[Site "Leiden NED"]
[Date "2013.07.14"]
[Round "3.24"]
[White "Kouwenhoven,Arjen"]
[Black "Wiersma,E"]
[Result "0-1"]
[WhiteElo "2004"]
[BlackElo "2374"]

1.e4 c5 2.Nf3 Nc6 3.d4 cxd4 4.Nxd4 e6 5.Nb5 d6 6.Bf4 e5 7.Be3 Nf6 8.N5c3 Be6
9.Be2 Be7 10.O-O O-O 11.Bf3 Qa5 12.Nd5 Bxd5 13.exd5 e4 14.dxc6 exf3 15.Qxf3 bxc6
16.Nd2 Rab8 17.Nb3 Qa4 18.Rfe1 Nd5 19.Bd2 Bf6 20.Re4 Qa6 21.c4 Bxb2 22.Rae1 Nf6
23.Rh4 Rfe8 24.Rd1 Qxa2 25.Nd4 Qxc4 26.Nf5 Qd5 27.Qxd5 Nxd5 28.Nxd6 Red8
29.Nf5 Nc3 30.Ne7+ Kh8  0-1

[Event "Czech Open G1 Rapid 2013"]
[Site "Pardubice CZE"]
[Date "2013.07.17"]
[Round "1.60"]
[White "Yakovlev,Egor"]
[Black "Konguvel,P"]
[Result "0-1"]
[WhiteElo "1985"]
[BlackElo "2319"]

1.e4 c5 2.Nf3 e6 3.d4 cxd4 4.Nxd4 Nc6 5.Nb5 d6 6.c4 Nf6 7.N5c3 Be7 8.Be2 b6
9.O-O Bb7 10.Be3 O-O 11.Qd2 Rc8 12.Na3 Qc7 13.Rfd1 Qb8 14.Rac1 Ne5 15.f3 Kh8
16.Qe1 Rg8 17.Qf1 g5 18.Kh1 Rg6 19.Nab5 Rcg8 20.h3 a6 21.Nd4 Nh5 22.Qf2 Nf4
23.Bf1 Rh6 24.Nce2 Nfd3 25.Qg3 Nxc1 26.Rxc1 Rhg6 27.b3 Qf8 28.b4 f5 29.exf5 exf5
30.Qh2 f4 31.Bg1 Rf6 32.Nc3 g4 33.fxg4 Nxg4 34.hxg4 Rh6 35.Nd5 Rxh2+ 36.Bxh2 Bxd5
37.cxd5 Bf6 38.Ne6 Qh6 39.Rc7 f3 40.gxf3 Qe3 41.Kg2 Qd2+ 42.Kh3 Qf2  0-1

[Event "9th Gazi 2013"]
[Site "Gazi GRE"]
[Date "2013.07.29"]
[Round "4"]
[White "Kiriakakis,Ioannis"]
[Black "Fragiadakis,E"]
[Result "1/2-1/2"]
[WhiteElo "1503"]
[BlackElo "1938"]

1.e4 c5 2.Nf3 e6 3.d4 cxd4 4.Nxd4 Nc6 5.Nb5 d6 6.c4 a6 7.N5a3 Nf6 8.Nc3 Be7
9.Be2 O-O 10.O-O b6 11.Be3 Bb7 12.Qd2 Ne5 13.f3 Qc7 14.Rac1 Rac8 15.Rfd1 Nfd7
16.Kh1 Ng6 17.Nc2 Qb8 18.Nd4 Rfd8 19.Qe1 Nf6 20.Qf2 d5 21.cxd5 exd5 22.exd5 Nxd5
23.Nxd5 Rxd5 24.Rxc8+ Qxc8 25.Rc1 Qd7 26.Nb3 b5 27.Nc5 Bxc5 28.Rxc5 Rxc5
29.Bxc5 Qd2 30.Bf1 Qd5 31.Qd4 Ne5 32.Qxd5 Bxd5 33.a4 bxa4 34.Bxa6  1/2-1/2

[Event "FSGM August 2013"]
[Site "Budapest HUN"]
[Date "2013.08.05"]
[Round "3.3"]
[White "Konnyu,J"]
[Black "Stefansson,H"]
[Result "1-0"]
[WhiteElo "2323"]
[BlackElo "2526"]

1.e4 c5 2.Nf3 e6 3.d4 cxd4 4.Nxd4 Nc6 5.Nb5 d6 6.c4 Nf6 7.N1c3 a6 8.Na3 Be7
9.Be3 O-O 10.Be2 b6 11.O-O Bb7 12.Rc1 Ne5 13.f3 Ned7 14.Kh1 Re8 15.Qd2 Qc7
16.Rfd1 Rac8 17.Bf1 Qb8 18.Nc2 Ne5 19.b3 Nfd7 20.Nd4 Bd8 21.Qf2 Bc7 22.b4 Bd8
23.Na4 Ng6 24.Nb3 Ba8 25.c5 b5 26.Nc3 Bc7 27.cxd6 Bd8 28.Nc5 Nxc5 29.Bxc5 Bh4
30.g3 Rxc5 31.bxc5 Bg5 32.f4 Bh6 33.Bg2 e5 34.f5 Nf8 35.Rc2 Bg5 36.Nd5 Bc6
37.Nc7 a5 38.h4 Bh6 39.Nd5 Qb7 40.g4 Bf4 41.Nxf4 exf4 42.Rd5 Nd7 43.Qxf4 b4
44.Rcd2 a4 45.Qf2 b3 46.axb3 axb3 47.Rb2 Nf6 48.Rd3 Nxe4 49.Qd4 Nf6 50.Rdxb3 Bxg2+
51.Kh2 Qd5 52.Qxd5 Bxd5 53.Rb8 Kf8 54.Kg3 Nd7 55.Rxe8+ Kxe8 56.Kf4 Nxc5 57.Rb5 Nd3+
58.Ke3 Bc4 59.Ra5 Nb4 60.Ra4 Nc2+ 61.Kd2 Bb3 62.Ra7 Nd4 63.Ra8+ Kd7 64.Kc3 Nf3
65.Kxb3 Kxd6 66.Ra7 Ne5 67.g5 Kd5 68.h5 Ke4 69.g6 fxg6 70.h6 gxh6 71.f6 g5
72.Re7 Kf5 73.Rxe5+ Kxf6 74.Ra5 h5 75.Kc4 h4 76.Kd4 h3 77.Ke4  1-0

[Event "22nd Kavala Open 2013"]
[Site "Kavala GRE"]
[Date "2013.08.06"]
[Round "1.1"]
[White "Svetushkin,D"]
[Black "Tsakiris,H"]
[Result "1-0"]
[WhiteElo "2608"]
[BlackElo "2148"]

1.d4 e6 2.Nf3 c5 3.e4 cxd4 4.Nxd4 Nc6 5.Nb5 d6 6.c4 a6 7.N5c3 Nf6 8.Be2 Be7
9.O-O O-O 10.Bf4 e5 11.Be3 Be6 12.Na3 Rc8 13.Rc1 Nd7 14.Qd2 Kh8 15.Rfd1 Nc5
16.Nc2 f5 17.exf5 Bxf5 18.Nd5 Ne4 19.Qe1 Bg5 20.Bd3 Bxe3 21.Ncxe3 Bg6 22.f3 Nc5
23.Bxg6 hxg6 24.Qg3 Nd4 25.Rd2 Nce6 26.Qxg6 Qh4 27.Rcd1 a5 28.b3 Nf4 29.Nxf4 Qxf4
30.Nd5 Qh4 31.Qxd6 Qg5 32.Kh1 Rcd8 33.Qe7 Qh5 34.Rd3 Rde8 35.Qxb7 Nxf3 36.gxf3 Rxf3
37.Rg1 Rf7 38.Rh3  1-0

[Event "22nd Kavala Open 2013"]
[Site "Kavala GRE"]
[Date "2013.08.08"]
[Round "4.2"]
[White "Mastrovasilis,D"]
[Black "Firat,B"]
[Result "1/2-1/2"]
[WhiteElo "2595"]
[BlackElo "2416"]

1.e4 c5 2.Nf3 e6 3.d4 cxd4 4.Nxd4 Nc6 5.Nb5 d6 6.Bf4 e5 7.Be3 Nf6 8.Bg5 a6
9.N5c3 Be7 10.Bxf6 Bxf6 11.Nd2 O-O 12.Nc4 Be6 13.Qxd6 Bg5 14.Bd3 Bxc4 15.Qxd8 Raxd8
16.Bxc4 Rd2 17.h4 Bh6 18.O-O Rxc2 19.Rab1 Nd4 20.Bd3 Rd2 21.Rfd1 Rc8  1/2-1/2

[Event "Stare Mesto Open 2013"]
[Site "Stare Mesto CZE"]
[Date "2013.08.12"]
[Round "5.20"]
[White "Valenta,V jr"]
[Black "Ludvicek,J"]
[Result "1-0"]
[WhiteElo "2151"]
[BlackElo "1869"]

1.e4 e6 2.d4 c5 3.Nf3 cxd4 4.Nxd4 Nc6 5.Nb5 d6 6.c4 a6 7.N5c3 g6 8.Be2 Bg7
9.O-O Nge7 10.Bf4 e5 11.Bg5 Nd4 12.Nd5 Ndc6 13.Nf6+ Kf8 14.Nd5 Be6 15.Nbc3 h6
16.Be3 Nd4 17.f4 Nxe2+ 18.Qxe2 Nxd5 19.cxd5 Bd7 20.f5 gxf5 21.exf5 f6 22.Qg4 Qe8
23.Qb4 Qb8 24.Ne4 Kg8 25.Nxd6 a5 26.Qa3 Bf8 27.Bc5 Rh7 28.Ne4 Bxc5+ 29.Qxc5 Qf8
30.Qxf8+ Rxf8 31.Rac1 Bb5 32.Rf3 Rd7 33.Rc5 Ba6 34.Rg3+ Rg7 35.Rxg7+ Kxg7
36.Rc7+ Rf7 37.d6 Rxc7 38.dxc7 b5 39.Nd6 Kf8 40.c8=Q+ Bxc8 41.Nxc8 Ke8 42.Nd6+ Kd7
43.Nxb5 Kc6 44.Nc3  1-0

[Event "12th Lichtenberger Sommer"]
[Site "Berlin GER"]
[Date "2013.08.21"]
[Round "5.4"]
[White "Bruedigam,M"]
[Black "Simon,Ra"]
[Result "0-1"]
[WhiteElo "2312"]
[BlackElo "2194"]

1.e4 c5 2.Nf3 e6 3.d4 cxd4 4.Nxd4 Nc6 5.Nb5 d6 6.Bf4 e5 7.Be3 Nf6 8.Bg5 Qa5+
9.Bd2 Qd8 10.Bd3 Bg4 11.f3 Be6 12.c4 a6 13.N5c3 Qb6 14.Nd5 Bxd5 15.cxd5 Nd4
16.Na3 Be7 17.Qa4+ Nd7 18.Rc1 Bh4+ 19.Kd1 Qd8 20.Nc2 O-O 21.Nxd4 exd4 22.Qxd4 Bf6
23.Qb4 Nc5 24.Be2 b5 25.Bc3 Bxc3 26.Qxc3 Na4 27.Qd2 Rc8 28.b3 Rxc1+ 29.Qxc1 Nc5
30.Ke1 f5 31.e5 Qh4+ 32.Kf1 Qd4 33.exd6 Qxd5 34.Qd1 Qe5 35.b4 Ne6 36.Kf2 Rd8
37.Qb3 Qd4+ 38.Qe3 Rxd6 39.Rd1 Qh4+ 40.Kg1 Qxb4 41.Kf1 Kf7 42.Rc1 Qd2 43.Kf2 Qxe3+
44.Kxe3 f4+ 45.Ke4 Rd2 46.Bd1  0-1